Statistics for Countries With More Than One Capital

Click here to take the quiz!

General Stats

  • This quiz has been taken 44 times
  • The average score is 13 of 15

Answer Stats

HintAnswer% Correct
La Paz & SucreBolivia
100%
Santiago & ValparaisoChile
100%
Podgorica & CetinjeMontenegro
100%
Amsterdam & The HagueNetherlands
100%
Cape Town, Bloemfontein, & PretoriaSouth Africa
100%
Seoul & Sejong CitySouth Korea
100%
Colombo & Sri Jayawardenepura KotteSri Lanka
100%
Tbilisi & KutaisiGeorgia
98%
Kuala Lumpur & PutrajayaMalaysia
98%
Dar es Salaam & DodomaTanzania
95%
Yamoussoukro & AbidjanCote D’Ivoire/Ivory Coast
88%
Tegucigalpa & ComayagüelaHonduras
83%
Porto-Novo & CotonouBenin
74%
Lobamba & MbabneEswatini
64%
Laayoune & TifaritiWestern Sahara (Morocco)
19%

Score Distribution

Percentile by Number Answered

Percent of People with Each Score

Your Score History

You have not taken this quiz